Quantum information / (رقم التسجيلة. 19700)

تفاصيل مارك
000 -الفاتح
حقل البيانات ثابتة الطول 01299cam a22003617a 4500
001 - رقم الضبط
رقم الضبط 15830982
003 - محدد رقم الضبط
رقم الضبط OSt
005 - وقت وتاريخ اخر تعامل مع التسجيلة
رقم الضبط 20150408113958.0
008 - عناصر البيانات ثابتة الطول - معلومات عامة
حقل البيانات ثابتة الطول 111214s2009 enka b 001 0 eng
010 ## - رقم ضبط مكتبة الكونجرس
رقم ضبط مكتبة الكونجرس 2009455609
015 ## - رقم الببليوجرافية الوطنية
رقم الببليوجرافية الوطنية GBA928266
المصدر bnb
016 7# - رقم ضبط الوكاله الوطنية للضبط الببليوجرافي
رقم ضبط التسجيلة 014932449
المصدر Uk
020 ## - الرقم الدولى المعيارى للكتب
الرقم الدولى المعيارى للكتاب 9780198527626 (cased)
020 ## - الرقم الدولى المعيارى للكتب
الرقم الدولى المعيارى للكتاب 0198527624 (cased)
020 ## - الرقم الدولى المعيارى للكتب
الرقم الدولى المعيارى للكتاب 0198527632 (pbk.)
020 ## - الرقم الدولى المعيارى للكتب
الرقم الدولى المعيارى للكتاب 9780198527633 (pbk.)
035 ## - رقم ضبط النظام
رقم ضبط النظام (OCoLC)ocn316430129
040 ## - مصدر الفهرسة
وكالة الفهرسة الأصلية UKM
وكالة النسخ UKM
وكالة التعديل YDXCP
-- CUD
-- CDX
-- DLC
042 ## - رمز التحقق
رمز التحقق ukblsr
-- lccopycat
082 ## - رقم تصنيف ديوى العشرى
رقم التصنيف 004.1
رقم المادة B S Q
رقم الطبعة 21
100 1# - المدخل الرئيسى - إسم شخصى
الإسم الشخصى Barnett, S. M.
الشكل الأكمل للاسم (Stephen M.)
9 (RLIN) 8262
245 10 - بيان العنوان
العنوان Quantum information /
بيان المسئوليه,etc Stephen M. Barnett.
260 ## - PUBLICATION, DISTRIBUTION, ETC. (IMPRINT)
مكان الناشر او الموزع Oxford :
اسم الناشر او الموزع Oxford University Press,
تاريخ النشر أو التوزيع 2009.
300 ## - الوصف المادى
التعداد xi, 300 p. :
تفاصيل ماديه اخرى للوعاء ill. ;
أبعاد الوعاء 25 cm.
490 0# - بيان السلسلة
عنوان السلسلة Oxford master series in physics. Atomic, optical and laser physics ;
رقم المجلد/ التعيين التسلسلي 16
504 ## - تبصرة ببليوجرافية
تبصرة ببليوجرافية,الخ Includes bibliographical references and index.
650 #0 - المدخل الاضافى بالموضوع-مصطلح موضوعى
مصطلح موضوعي أو اسم جغرافي كعنصر مدخل Quantum computers.
9 (RLIN) 5690
650 #0 - المدخل الاضافى بالموضوع-مصطلح موضوعى
مصطلح موضوعي أو اسم جغرافي كعنصر مدخل Quantum theory.
9 (RLIN) 8263
650 #0 - المدخل الاضافى بالموضوع-مصطلح موضوعى
مصطلح موضوعي أو اسم جغرافي كعنصر مدخل Information theory.
906 ## - عنصر بيانات محلى F, LDF (RLIN)
a 7
b cbc
c copycat
d 2
e ncip
f 20
g y-gencatlg
942 ## - عناصر المدخل الإضافي( كوها)
مصدر التصنيف او مخطط الترفيف Dewey Decimal Classification
Koha [default] item type DVD
المقتنيات
حالة الفقد نموذج السعر الفعال حالة تلف ليس للاعارة رقم الطلب تاريخ الاكتساب الموقع الحالي الباركود الفرع الرئيسي Date last seen نوع المادة فى نظام كوها مصدر التصنيف او خطة الترفيف Total Checkouts
  2013-03-10     004.1 B S Q 2011-12-14 قسم الاجراءات الفنية (IC) 00100664 قسم الاجراءات الفنية (IC) 2013-03-10 كتاب Dewey Decimal Classification  
  2013-03-10     004.1 B S Q 2011-12-14 قسم الاجراءات الفنية (IC) 00100665 قسم الاجراءات الفنية (IC) 2013-03-10 كتاب Dewey Decimal Classification  
  2013-03-10     004.1 B S Q 2011-12-14 قسم الاجراءات الفنية (IC) 00100662 قسم الاجراءات الفنية (IC) 2013-03-10 كتاب Dewey Decimal Classification  
  2013-03-10     004.1 B S Q 2011-12-14 قسم الاجراءات الفنية (IC) 00100663 قسم الاجراءات الفنية (IC) 2013-03-10 كتاب Dewey Decimal Classification